Wards Of Monaco Quiz - Statistics

General Stats
  • This quiz has been taken 7 times
  • The average score is 5 of 10
Answer Stats
Ward % Correct
Monte Carlo
100%
La Condamine
57%
Monaco-Ville
57%
Saint Michel
57%
Fontvieille
43%
La Colle
43%
Larvotto
43%
La Rousse
29%
Les Révoires
29%
Moneghetti
29%
No matching quizzes found
Score Distribution
Percent of People with Each Score
Percentile by Number Answered
Your Score History
You have not taken this quiz